Catálogo
 En Linea

Auge y caída de los trujillistas (1955-1962) / (Registro nro. 17384)

Detalles MARC
000 -CABECERA
campo de control de longitud fija 01297nam a2200241 a 4500
001 - NÚMERO DE CONTROL
campo de control 000017860
005 - FECHA Y HORA DE LA ÚLTIMA TRANSACCIÓN
campo de control 20250401135254.0
008 - DATOS DE LONGITUD FIJA--INFORMACIÓN GENERAL
campo de control de longitud fija 100406s2004 dr c 000 0 spa d
020 ## - NÚMERO INTERNACIONAL ESTÁNDAR DEL LIBRO
Número Internacional Estándar del Libro 9993404500
040 ## - FUENTE DE LA CATALOGACIÓN
Centro catalogador/agencia de origen DO-SdBNP
Lengua de catalogación spa
Centro/agencia transcriptor BNPHU
082 ## - NÚMERO DE LA CLASIFICACIÓN DECIMAL DEWEY
Número de clasificación 972.93053
Número de documento/Ítem J96a
049 ## - FONDOS LOCALES (OCLC)
Fondos de biblioteca BNPD
100 1# - ENTRADA PRINCIPAL--NOMBRE DE PERSONA
Nombre de persona Justo Duarte, Amaury,
Fechas asociadas al nombre 1942-
9 (RLIN) 8575
245 10 - MENCIÓN DE TÍTULO
Título Auge y caída de los trujillistas (1955-1962) /
Mención de responsabilidad, etc. Amaury Justo Duarte ; cuidado de edición Maribel Justo Suárez.
260 ## - PUBLICACIÓN, DISTRIBUCIÓN, ETC.
Lugar de publicación, distribución, etc. Santo Domingo :
Nombre del editor, distribuidor, etc. Búho,
Fecha de publicación, distribución, etc. 2004.
300 ## - DESCRIPCIÓN FÍSICA
Extensión 285 p. :
Otras características físicas il. ;
Dimensiones 23 cm.
500 ## - NOTA GENERAL
Nota general Incluye índice onomástico
500 ## - NOTA GENERAL
Nota general Incluye datos biográficos del autor en la solapa de la cubierta
504 ## - NOTA DE BIBLIOGRAFÍA, ETC.
Nota de bibliografía, etc. Incluye referencias bibliográficas y notas al pie de las páginas
504 ## - NOTA DE BIBLIOGRAFÍA, ETC.
Nota de bibliografía, etc. Bibliografías : [p. 277-280]
505 2# - NOTA DE CONTENIDO CON FORMATO
Nota de contenido con formato Prefacio -- Introducción -- LA SOCIEDAD DOMINICANA A LA VISPERA DE LA COYUNTURA DE 1961 -- La estructura económica de la formación social -- La estructura de clases -- El régimen político -- De la Feria de la Paz a la represión de enero de 1960 -- De enero de 1960 al 30 de mayo de 1961 -- EL DERRUMBE DEL SISTEMA POLITICO -- Del 30 de mayo al 20 de noviembre de 1961 -- Del 20 de noviembre de 1961 al 1º de enero del 1962.
700 1# - PUNTO DE ACCESO ADICIONAL--NOMBRE DE PERSONA
Nombre de persona Justo Suárez, Maribel,
Término indicativo de función/relación ed.
9 (RLIN) 38773
Existencias
Estado de retiro Estado de pérdida No para préstamo Código de colección Localización permanente Ubicación/localización actual Ubicación en estantería Fecha de adquisición Número de inventario Total de préstamos Signatura topográfica completa Código de barras Fecha visto por última vez Precio válido a partir de Tipo de ítem Koha
    Excluido de préstamo Patrimonio Dominicano Patrimonio Dominicano Patrimonio Dominicano En catalogación 06.04.2010 LF1   972.93053 J96a 17860-10 25.06.2020 25.06.2020 Libro y Folleto Colección Patrimonio Dominicano

Con tecnología Koha